000 00979nam a2200289 i 4500
003 DO-SdBNP
005 20260127133835.0
007 ta
008 260127b2024 dr a|||| |||| 00| 0 spa d
020 _a9789945505269
040 _aDO-SdBNP
_bspa
_cBNPHU
_erda
041 _aspa
082 4 _axxx
_bxxx
_222
100 _aPérez Morel, Ramón B.,
_eautor
_4aut.
_988909
245 1 0 _aDescripción de un pueblo /
_cRamón B. Pérez Morel ; corrección de estilo, Manuel Ángel Suárez
250 _aPrimera edición
264 1 _aSanto Domingo :
_bEditora Centenario, S.R.L.,
_c2024.
300 _a56 páginas :
_bilustraciones ;
_c22 cm.
336 _atexto
_btxt
_2rdacontent
337 _asin mediación
_bn
_2rdamedia
338 _avolumen
_bnc
_2rdacarrier
500 _aIncluye datos biográficos del autor en la contracubierta
590 _aInventariado, 2026/BT
700 1 _aSuárez, Manuel Ángel,
_ecorrector
_4corr.
_974910
910 _aBtavárez
942 _2ddc
_cLBS1
999 _c60147
_d60147